000 00463nam a2200193Ia 4500
005 20240823050418.0
008 240823s9999||||xx |||||||||||||| ||und||
020 _a978-81-318-0438-5
041 _aENGLISH
082 _A624.1 P8
100 _aPunmia B C [etal]
245 0 _aBuilding Construction
250 _a10th
260 _c2008
_b"Laxmi Pub,New Delhi"
500 _aYES
650 _aBuilding Construction
_bCivil
942 _cBK
999 _c217194
_d217194